000 00588nam a2200181Ia 4500
001 20703
005 20260306172825.0
008 260306t2016||||xx |||||||||||||| ||spa||
041 _aESP
082 _a343.7
_bD69
100 _aDíaz Fraile, Francisco
_eAUT
245 0 _aDerecho administrativo sancionador:
_banálisis a la luz de la jurisprudencia del tribunal constitucional y del tribunal europeo de derechos humanos (crítica del derecho español vigente)
260 _c2016
300 _a466 páginas :
_c24 cm.
650 _aGEN
654 _aCDE
942 _cLIB
_dJUS
_fJUS
_2ddc
_n
999 _c20703
_d20703